[Event "NOR-chT Clubs"]
[Site "Drammen"]
[Date "2010.10.10"]
[Round "6"]
[White "Martinsen, Stig K"]
[Black "Kongevold, Hans Inge"]
[Result "1-0"]
[WhiteElo "2160"]
[BlackElo "1961"]
[PlyCount "64"]
[EventDate "2010.10.08"]
[EventType "team"]
[EventRounds "6"]
[EventCountry "NOR"]
[SourceTitle "EXT 2015"]
[Source "ChessBase"]
[SourceDate "2014.11.20"]
[SourceVersion "1"]
[SourceVersionDate "2014.11.20"]
[SourceQuality "1"]
[WhiteTeam "Bergens"]
[BlackTeam "Moss"]
[WhiteTeamCountry "NOR"]
[BlackTeamCountry "NOR"]

1. d4 f5 2. g3 Nf6 3. Bg2 g6 4. Nh3 Bg7 5. c3 0-0 6. Qb3+ d5 7. Nf4 c6 8. h4 Qb6 9. h5 Qxb3 10. axb3 Nxh5 11. Nxh5 gxh5 12. Rxh5 Nd7 13. Bf4 e5 14. dxe5 Nxe5 15. Nd2 Ng6 16. e3 Bd7 17. Nf3 Be8 18. Rh1 Bf7 19. Bh6 Bxh6 20. Rxh6 Kg7 21. Rh5 Ne7 22. Rh4 Ng6 23. Rh1 Rfe8 24. Kd2 Ne5 25. Nh4 Bg6 26. Ra4 Re7 27. Rf4 Rf8 28. Bh3 Ref7 29. Bf1 Nd7 30. b4 Nf6 31. Bd3 Ne4+ 32. Kc2 a6 1-0

[Event "NOR-chT Clubs"]
[Site "Drammen"]
[Date "2010.10.09"]
[Round "4"]
[White "Grebstad, Kjell Borre"]
[Black "Kongevold, Hans Inge"]
[Result "1-0"]
[WhiteElo "1840"]
[BlackElo "1961"]
[PlyCount "99"]
[EventDate "2010.10.08"]
[EventType "team"]
[EventRounds "6"]
[EventCountry "NOR"]
[SourceTitle "EXT 2015"]
[Source "ChessBase"]
[SourceDate "2014.11.20"]
[SourceVersion "1"]
[SourceVersionDate "2014.11.20"]
[SourceQuality "1"]
[WhiteTeam "Stjernen"]
[BlackTeam "Moss"]
[WhiteTeamCountry "NOR"]
[BlackTeamCountry "NOR"]

1. d4 f5 2. c4 Nf6 3. Nc3 d6 4. Nf3 g6 5. g3 Bg7 6. Bg2 0-0 7. 0-0 Nc6 8. d5 Na5 9. Qd3 c5 10. Nd2 Ng4 11. Nf3 a6 12. Bf4 Ne5 13. Bxe5 dxe5 14. e4 Nc6 15. Rfe1 f4 16. Na4 Qd6 17. Qa3 Nb4 18. Qb3 b5 19. Nc3 bxc4 20. Qxc4 Nc2 21. Nb5 axb5 22. Qxc2 Bg4 23. Nd2 Bh6 24. f3 Bd7 25. g4 Rfc8 26. b3 c4 27. bxc4 bxc4 28. Bf1 c3 29. Nb3 Bg5 30. Red1 h5 31. gxh5 gxh5 32. Rd3 Qb4 33. Rc1 Qb6+ 34. Kh1 Kh7 35. Qg2 Rg8 36. Qc2 Bh4 37. Bg2 Rgc8 38. Rxc3 Rxc3 39. Qxc3 Rxa2 40. Nc5 Qg6 41. Rg1 Bf2 42. Nxd7 Bxg1 43. Nf8+ Kh6 44. Nxg6 Bd4 45. Qc4 Ra1+ 46. Bf1 Kxg6 47. Kg2 Kg5 48. Qc8 Ra2+ 49. Kh3 Bg1 50. Bg2 1-0

[Event "NOR-chT Clubs"]
[Site "Oslo"]
[Date "2008.05.04"]
[Round "6"]
[White "Botheim, Tor"]
[Black "Kongevold, Hans Inge"]
[Result "1-0"]
[WhiteElo "1742"]
[BlackElo "1941"]
[PlyCount "37"]
[EventDate "2008.05.01"]
[EventType "team-swiss"]
[EventRounds "6"]
[EventCountry "NOR"]
[SourceTitle "EXT 2010"]
[Source "ChessBase"]
[SourceDate "2010.11.25"]
[SourceVersion "1"]
[SourceVersionDate "2010.11.25"]
[SourceQuality "1"]

1. e4 d5 2. Nc3 d4 3. Nce2 e5 4. d3 Nc6 5. g3 Be6 6. Bg2 Qd7 7. f4 exf4 8. Bxf4 Nge7 9. Nf3 Ng6 10. Bd2 Bh3 11. 0-0 Bxg2 12. Kxg2 Be7 13. c3 Bf6 14. cxd4 Nxd4 15. Nexd4 Bxd4 16. Nxd4 Qxd4 17. Bc3 Qd7 18. Bxg7 Rg8 19. Bf6 1-0

[Event "NOR-chT Clubs"]
[Site "Oslo"]
[Date "2008.05.03"]
[Round "5"]
[White "Suntharalingam, Jathavan"]
[Black "Kongevold, Hans Inge"]
[Result "1-0"]
[WhiteElo "1688"]
[BlackElo "1941"]
[PlyCount "49"]
[EventDate "2008.05.01"]
[EventType "team-swiss"]
[EventRounds "6"]
[EventCountry "NOR"]
[SourceTitle "EXT 2010"]
[Source "ChessBase"]
[SourceDate "2010.11.25"]
[SourceVersion "1"]
[SourceVersionDate "2010.11.25"]
[SourceQuality "1"]

1. e4 d5 2. exd5 Nf6 3. d4 Bg4 4. Be2 Bxe2 5. Nxe2 Qxd5 6. 0-0 e6 7. Qd3 c6 8. c4 Qd8 9. Nbc3 Bd6 10. Bg5 Bxh2+ 11. Kxh2 Ng4+ 12. Kg1 Qxg5 13. Qg3 f5 14. Nf4 Qh6 15. Nxe6 Na6 16. Rfe1 Kf7 17. d5 Rhe8 18. b4 Rac8 19. b5 cxd5 20. bxa6 Rxe6 21. axb7 Rce8 22. Qc7+ R8e7 23. Qxe7+ Kxe7 24. Nxd5+ Kd7 25. b8Q 1-0

[Event "NOR-chT Ishav 0708"]
[Site "Oslo"]
[Date "2008.03.30"]
[Round "9.6"]
[White "Tjoelsen, Katrine"]
[Black "Kongevold, Hans Inge"]
[Result "1-0"]
[WhiteElo "2083"]
[BlackElo "1971"]
[PlyCount "85"]
[EventDate "2007.11.09"]
[EventType "team-swiss"]
[EventRounds "9"]
[EventCountry "NOR"]
[SourceTitle "EXT 2010"]
[Source "ChessBase"]
[SourceDate "2010.11.25"]
[SourceVersion "1"]
[SourceVersionDate "2010.11.25"]
[SourceQuality "1"]

1. c4 f5 2. Nc3 Nf6 3. g3 g6 4. Bg2 Bg7 5. d3 0-0 6. e4 fxe4 7. dxe4 d6 8. Nge2 c5 9. 0-0 Nc6 10. h3 Be6 11. b3 Qd7 12. Kh2 Nd4 13. Nxd4 cxd4 14. Nb5 d3 15. Rb1 a6 16. Na3 b5 17. Qxd3 Rab8 18. Be3 bxc4 19. Nxc4 Rb5 20. e5 dxe5 21. Qxd7 Nxd7 22. Rfd1 Rc8 23. a4 Rb4 24. Bd2 Rbb8 25. Na5 Kf8 26. Be3 Rc2 27. Be4 Ra2 28. Bc6 Nf6 29. b4 Bf5 30. Rbc1 Rxb4 31. Nc4 Be4 32. Rd8+ Kf7 33. Nxe5+ Ke6 34. Nd3 Bxd3 35. Rxd3 Rbb2 36. Bc5 Re2 37. Bf3 Rec2 38. Rxc2 Rxc2 39. Re3+ Kf7 40. Rxe7+ Kg8 41. Bb6 a5 42. Ra7 Rb2 43. Be3 1-0

[Event "EU-ch 8th"]
[Site "Dresden"]
[Date "2007.04.14"]
[Round "11"]
[White "Hindermann, Felix"]
[Black "Kongevold, Hans Inge"]
[Result "1-0"]
[WhiteElo "2260"]
[BlackElo "2178"]
[PlyCount "65"]
[EventDate "2007.04.03"]
[EventType "swiss"]
[EventRounds "11"]
[EventCountry "GER"]
[SourceTitle "CBM 118"]
[Source "ChessBase"]
[SourceDate "2007.05.31"]
[SourceVersion "1"]
[SourceVersionDate "2007.05.31"]
[SourceQuality "1"]

1. e4 d5 2. exd5 Nf6 3. Nf3 Bg4 4. Bb5+ Nbd7 5. h3 a6 6. Be2 Bh5 7. c4 Bxf3 8. Bxf3 Ne5 9. Be2 e6 10. d4 Ng6 11. dxe6 fxe6 12. 0-0 Bd6 13. Qb3 0-0 14. Be3 Kh8 15. Nd2 Nf4 16. Bxf4 Bxf4 17. Nf3 Ne4 18. Rad1 Ng5 19. Rfe1 Qf6 20. Nxg5 Bxg5 21. Bf3 Rad8 22. Re4 Qg6 23. c5 Rf6 24. Rde1 Bd2 25. R1e2 Bf4 26. Qxb7 Bg5 27. h4 Bf4 28. Qb3 h6 29. Rxe6 Rxe6 30. Qxe6 Qb1+ 31. Re1 Qxb2 32. Be4 Qd2 33. Bg6 1-0

[Event "EU-ch 8th"]
[Site "Dresden"]
[Date "2007.04.12"]
[Round "9"]
[White "Kongevold, Hans Inge"]
[Black "Stips, Felix"]
[Result "0-1"]
[WhiteElo "2178"]
[BlackElo "2029"]
[PlyCount "160"]
[EventDate "2007.04.03"]
[EventType "swiss"]
[EventRounds "11"]
[EventCountry "GER"]
[SourceTitle "CBM 118"]
[Source "ChessBase"]
[SourceDate "2007.05.31"]
[SourceVersion "1"]
[SourceVersionDate "2007.05.31"]
[SourceQuality "1"]

1. c4 e5 2. Nc3 Nf6 3. Nf3 Nc6 4. g3 d5 5. cxd5 Nxd5 6. Bg2 Nb6 7. 0-0 Be7 8. a3 0-0 9. b4 Be6 10. Rb1 f6 11. d3 a5 12. b5 Nd4 13. e3 Nxf3+ 14. Bxf3 Rb8 15. Qc2 f5 16. Bg2 Bf6 17. Rd1 Rf7 18. Bb2 Rd7 19. Rbc1 Nd5 20. Nxd5 Bxd5 21. Bxd5+ Rxd5 22. Qc4 Kh8 23. Qxc7 Rxb5 24. Qc2 h6 25. d4 exd4 26. Bxd4 Bxd4 27. exd4 Rd5 28. Re1 Qd6 29. Qc7 Rxd4 30. Qxd6 Rxd6 31. Re5 b6 32. Rb1 Rf8 33. Rbb5 f4 34. gxf4 Rxf4 35. Re8+ Kh7 36. Rb8 Rd1+ 37. Kg2 Rd2 38. R8xb6 Rfxf2+ 39. Kg3 a4 40. h4 Rg2+ 41. Kh3 Rge2 42. h5 Rd3+ 43. Kg4 Rxa3 44. Kf5 Rg3 45. Kf4 Reg2 46. Ra5 Rg5 47. Rba6 Rxa5 48. Rxa5 Rg5 49. Rxa4 Rxh5 50. Kg4 Rh1 51. Ra5 Rg1+ 52. Kh5 g6+ 53. Kh4 g5+ 54. Kh5 Rh1+ 55. Kg4 Rh4+ 56. Kg3 Rf4 57. Rb5 Kg6 58. Rb8 Rf7 59. Rg8+ Kh7 60. Rb8 h5 61. Rb6 Kg7 62. Rb5 Kg6 63. Ra5 h4+ 64. Kg4 Rf4+ 65. Kh3 Rf3+ 66. Kg2 Rf5 67. Ra8 Kh5 68. Ra4 g4 69. Ra8 h3+ 70. Kh2 Kh4 71. Ra4 Rf2+ 72. Kg1 Re2 73. Rb4 Kg5 74. Rb3 Kf4 75. Ra3 Re3 76. Ra4+ Kg3 77. Ra1 Kf4 78. Kh2 Re2+ 79. Kg1 g3 80. Rb1 Kf3 0-1